My journey: (Record no. 609111)
[ view plain ]
| 000 -LEADER | |
|---|---|
| fixed length control field | 00533nam a22001937a 4500 |
| 003 - CONTROL NUMBER IDENTIFIER | |
| control field | NUST |
| 005 - DATE AND TIME OF LATEST TRANSACTION | |
| control field | 20240514160438.0 |
| 008 - FIXED-LENGTH DATA ELEMENTS--GENERAL INFORMATION | |
| fixed length control field | 240514b ||||| |||| 00| 0 eng d |
| 020 ## - INTERNATIONAL STANDARD BOOK NUMBER | |
| International Standard Book Number | 978969337383 |
| 040 ## - CATALOGING SOURCE | |
| Original cataloging agency | NUST |
| 041 ## - LANGUAGE CODE | |
| Language code of text/sound track or separate title | eng |
| 082 ## - DEWEY DECIMAL CLASSIFICATION NUMBER | |
| Classification number | 923.00954941 |
| Author Mark | QUR |
| 100 ## - MAIN ENTRY--PERSONAL NAME | |
| Personal name | Qureshi, Toaha |
| 9 (RLIN) | 122660 |
| 245 ## - TITLE STATEMENT | |
| Title | My journey: |
| Remainder of title | from chak 444 to Buckingham palace/ |
| Statement of responsibility, etc. | Toaha Qureshi MBE |
| 260 ## - PUBLICATION, DISTRIBUTION, ETC. | |
| Place of publication, distribution, etc. | Lahore: |
| Name of publisher, distributor, etc. | Sheikh Zayed Islamic Center, |
| Date of publication, distribution, etc. | 2022 |
| 300 ## - PHYSICAL DESCRIPTION | |
| Extent | 355p. |
| Other physical details | ill. |
| 650 ## - SUBJECT ADDED ENTRY--TOPICAL TERM | |
| Topical term or geographic name entry element | Autobiography |
| 9 (RLIN) | 107439 |
| 942 ## - ADDED ENTRY ELEMENTS (KOHA) | |
| Source of classification or shelving scheme | |
| Koha item type | Book |
| Withdrawn status | Lost status | Source of classification or shelving scheme | Damaged status | Not for loan | Permanent Location | Current Location | Shelving location | Date acquired | Source of acquisition | Total Checkouts | Full call number | Barcode | Date last seen | Date last checked out | Price effective from | Koha item type |
|---|---|---|---|---|---|---|---|---|---|---|---|---|---|---|---|---|
| Central Library (CL) | Central Library (CL) | Biographies | 05/14/2024 | Donated by Rector Secretariat | 1 | 923.00954941 QUR | CL-D-2613 | 05/15/2024 | 05/15/2024 | 05/14/2024 | Book | |||||
| Central Library (CL) | Central Library (CL) | Biographies | 05/14/2024 | Donated by Rector Secretariat | 923.00954941 QUR | CL-D-2614 | 05/14/2024 | 05/14/2024 | Book |
